000 01758nam0a2200349 4500
001 RU\NLR\bibl\1518406
005 20250616025700.0
010 _a978-5-9772-0157-5
_9100
021 _aRU
_b2010-31513
_92110
035 _a(nilc)RSL-KNO-004638360
035 _a(NLR Aleph) 001509777
090 _a73115
_c73115
100 _a20100511d2010 |||y0rusy50 ca
101 0 _arus
102 _aRU
105 _ay zzzz|||||
200 1 _aКонституционно-правовые проблемы институционализации права собственности в Российской Федерации
_eмонография
_fСветлана Михайловна Скрыль
_gМ-во образования и науки Российской Федерации, Гос. образовательное учреждение высш. проф. образования "Южно-Уральский гос. ун-т"
210 _aЧелябинск
_cб. и.
_d2010
215 _a255 с.
_d21
320 _aБиблиогр.: с. 233-255 (238 назв.) и в подстроч. прим.
606 1 _aПраво собственности
_yРоссийская Федерация
_92098527
_3RU\NLR\auth\661269462
610 0 _aГосударство и право. Юридические науки -- Гражданское право -- Российская Федерация -- Право собственности
686 _aХ623.1,0
_2rubbk
686 _aХ623.1
700 1 _aСкрыль
_bС. М.
_gСветлана Михайловна
_4070
801 0 _aRU
_bРГБ
_c20100511
_grcr
801 1 _aRU
_bРГБ
_c20100511
801 2 _aRU
_bNLR
_c20100601
_grcr
942 _cBOOK
980 _aNB
980 _aNBR